Welcome to the Holygrace Academy Library

Please use search bar below to get started

A BOND WITH THE MOUNTAINS (Record no. 2783)

MARC details
000 -LEADER
fixed length control field 00627nam a22001457a 4500
020 ## - INTERNATIONAL STANDARD BOOK NUMBER
ISBN 81-7070-360-3
082 ## - DEWEY DECIMAL CLASSIFICATION NUMBER
Classification number 823
Item number BON/B
100 ## - MAIN ENTRY--AUTHOR NAME
Personal name BOND, RUSKIN
245 ## - TITLE STATEMENT
Title A BOND WITH THE MOUNTAINS
260 ## - PUBLICATION, DISTRIBUTION, ETC. (IMPRINT)
Place of publication DELHI
Name of publisher RATNA SAGAR
Year of publication 1998
300 ## - PHYSICAL DESCRIPTION
Number of Pages 75
520 ## - SUMMARY, ETC.
Summary, etc A Bond with the Mountains is a 1998 slim collection of stories, poems and thoughts by Landour's famous resident writer. But for the inevitable melancholic tragedy of No Room for a Leopard, the remarkable bonding of the young and old in A Bouquet of Love, nothing overtly dramatic occurs in this collection.
650 ## - SUBJECT ADDED ENTRY--TOPICAL TERM
Topical Term CHILDRENS STORY BOOK
Geographic subdivision INDIA
942 ## - ADDED ENTRY ELEMENTS (KOHA)
Koha item type Books
Holdings
Withdrawn status Lost status Collection code Home library Current library Shelving location Date acquired Source of acquisition Cost, normal purchase price Full call number Accession Number Koha item type
    Fiction Main Library Main Library SHELF-14B -ALPHABETICAL -B--ENGLISH NOVELS & FICTIONS 25/01/2019 purchase 195.00 823 BON/B 10652 Books